00868nam a2200253Ia 4500001001000000003000500010008004100015010001100056040000900067100002800076245017400104260003000278300001000308650003200318650002300350650003400373650003100407650002200438650002600460650001200486700002500498700003200523710005900555Para_9509CHAP220125s2007 xx 000 0 und d a208183 cCHAP aGarcía Lara, Silverio aManual de plagas en granos almacenados y tecnologías alternas para su manejo y control /c por Silverio García Lara, César Espinosa Carrillo y David J. Bergvinson aMéxico, D.F. :b CIMMYT a55 p. aCereales x almacenamiento  aCereales x plagas aInsectos x identificación  0aMaíz xPlagas zMéxico aMaíz x plagas  aMaíz x variedades  aPlagas  aBergvinson, David J. aEspinosa Carrillo, César  aCentro Internacional de Mejoramiento de Maíz y Trigo